Logic programming and nonmonotonic reasoning : 8th international conference, LPNMR 2005, Diamante, Italy, September 5-8, 2005 : proceedings /

Bibliographic Details
Corporate Authors: LPNMR 2005 Diamante, Italy, SpringerLink (Online service)
Other Authors: Baral, Chitta
Format: Conference Proceeding eBook
Language:English
Published: Berlin ; New York : Springer, [2005]
Series:Lecture notes in computer science ; 3662.
Lecture notes in computer science. Lecture notes in artificial intelligence.
Subjects:
Online Access:Connect to the full text of this electronic book
Publisher description

MARC

Tag First Indicator Second Indicator Subfields
LEADER 00000cam a2200000Ia 4500
001 in00002474313
005 20210727084958.0
006 m d
007 cr cn|||||||||
008 081017s2005 gw a sb 101 0 eng d
020 |a 3540318275 
020 |a 9783540318279 
029 1 |a AU@  |b 000042372203 
035 |a (OCoLC)262680983 
035 |a (OCoLC)ocn262680983 
035 |a 3070771 
037 |a 978-3-540-28538-0  |b Springer  |n http://www.springerlink.com 
040 |a GW5XE  |b eng  |c GW5XE  |d UtOrBLW 
049 |a TEFA 
050 1 4 |a QA76.63  |b .L74 2005eb 
072 7 |a QA  |2 lcco 
082 0 4 |a 005.1/5  |2 22 
111 2 |a LPNMR 2005  |d (2005 :  |c Diamante, Italy)  |0 http://id.loc.gov/authorities/names/nb2005013462 
245 1 0 |a Logic programming and nonmonotonic reasoning :  |b 8th international conference, LPNMR 2005, Diamante, Italy, September 5-8, 2005 : proceedings /  |c Chitta Baral [and others] (eds.). 
246 3 0 |a LPNMR 2005 
264 1 |a Berlin ;  |a New York :  |b Springer,  |c [2005] 
264 4 |c ©2005 
300 |a xiii, 454 pages :  |b illustrations ;  |c 24 cm. 
336 |a text  |b txt  |2 rdacontent 
337 |a computer  |b c  |2 rdamedia 
338 |a online resource  |b cr  |2 rdacarrier 
490 1 |a Lecture notes in computer science,  |x 0302-9743 ;  |v 3662.  |a Lecture notes in artificial intelligence 
500 |a Electronic resource. 
504 |a Includes bibliographical references and index. 
533 |a Electronic reproduction.  |b New York :  |c Springer,  |d 2008.  |n Mode of access: World Wide Web.  |n System requirements: Web browser.  |n Title from title screen (viewed on Oct. 10, 2008).  |n Access may be restricted to users at subscribing institutions. 
650 1 7 |a Logisch programmeren.  |2 gtt 
650 1 7 |a Redeneren.  |2 gtt 
650 0 |a Logic programming  |v Congresses.  |0 http://id.loc.gov/authorities/subjects/sh2008107111 
650 0 |a Nonmonotonic reasoning  |v Congresses. 
650 6 |a Programmation logique  |v Congrès. 
650 6 |a Raisonnement non-monotone  |v Congrès. 
650 7 |a Programmation logique.  |2 rasuqam 
650 7 |a Raisonnement non monotonique.  |2 rasuqam 
655 7 |a Electronic books.  |2 local 
700 1 |a Baral, Chitta.  |0 http://id.loc.gov/authorities/names/n98031965 
710 2 |a SpringerLink (Online service)  |0 http://id.loc.gov/authorities/names/no2005046756 
776 1 |c Original  |z 3540285385  |z 9783540285380  |w (DLC) 2005931127  |w (OCoLC)61430252 
830 0 |a Lecture notes in computer science ;  |v 3662.  |0 http://id.loc.gov/authorities/names/n42015162 
830 0 |a Lecture notes in computer science.  |p Lecture notes in artificial intelligence.  |0 http://id.loc.gov/authorities/names/n86736436 
856 4 0 |u http://proxy.library.tamu.edu/login?url=https://dx.doi.org/10.1007/11546207  |z Connect to the full text of this electronic book  |t 0 
856 4 2 |3 Publisher description  |u http://www.loc.gov/catdir/enhancements/fy0663/2005931127-d.html  |t 0 
994 |a C0  |b TEF 
999 |a MARS 
999 f f |s 69734cdb-ba7f-3b6e-a37a-41f9f43fa0c3  |i c153afa6-d759-3117-8233-1e421f47492c  |t 0 
952 f f |a Texas A&M University  |b College Station  |c Electronic Resources  |d Available Online  |t 0  |e QA76.63 .L74 2005eb  |h Library of Congress classification 
998 f f |a QA76.63 .L74 2005eb  |t 0  |l Available Online